Vista normal Vista MARC

Entrada Materia (personas)

Número de registros utilizados en: 1

001 - CONTROL NUMBER

  • control field: 171974

003 - CONTROL NUMBER IDENTIFIER

  • control field: Co-BoUCM

005 - DATE AND TIME OF LATEST TRANSACTION

  • control field: 20211112084322.0

008 - FIXED-LENGTH DATA ELEMENTS

  • fixed length control field: 211112|| aca||aabn | a|a d

040 ## - CATALOGING SOURCE

  • Original cataloging agency: Co-BoUCM
  • Transcribing agency: Co-BoUCM

100 ## - HEADING--PERSONAL NAME

  • Personal name: Daley, Patricia
  • Fuller form of name: (Patricia O.)

670 ## - SOURCE DATA FOUND

  • Source citation: Work cat.: (Co-BoUCM)92648: Daley, Patricia (Patricia O.), Gender& genocide in Burundi the search for spaces of peace in the Great Lakes Region, 2008